| 000 | 00578nac a22001691u 4500 | ||
|---|---|---|---|
| 008 | 100906s1999 n |||||r|||| 00| 0 eng d | ||
| 010 | _a 98004594 | ||
| 020 | _a0138888019 (pbk.) | ||
| 082 | 0 | 0 |
_a005.133 _bDAV _222 |
| 100 |
_aCollopy, David M. _918237 |
||
| 245 | 1 | 0 |
_aIntroduction to C++ programming : _ba modular approach / _cDavid M. Collopy. |
| 260 |
_aUpper Saddle River, N.J. : _bPrentice Hall, _c1999. |
||
| 300 |
_ax, 614 p. : _bill. ; _c24 cm. |
||
| 500 | _aIncludes index. | ||
| 650 | 0 |
_aC++ (Computer program language) _918238 |
|
| 942 |
_cBB _k005.133C7141 _2ddc |
||
| 999 |
_c478 _d478 |
||